000 00522nam a2200181Ia 4500
001 22506
005 20260414150836.0
008 260414t2014||||xx |||||||||||||| ||spa||
041 _aESP
082 _a621.382
_bB81
100 _aBlaunstein, Nathan
_eAUT
245 0 _aRadio propagation and adaptive antennas for wireless communication networks :
_bterrestrial, atmospheric, and lonospheric
260 _c2014
300 _aix, 683 páginas :
_c24 cm.
650 _aTCA
654 _aCET
942 _cLIB
_dJUS
_fJUS
_2ddc
_n
999 _c22506
_d22506